000 00402nam a2200133Ia 4500
008 260210s9999 xx 000 0 und d
024 _a98A-073-CS & 98A-053-CS
082 _a004.67072 MUR
100 _aM. Murad Baig & Abdul Kaleem
245 4 _aThe Cookbook of Net get
260 _aKarachi:
_bUITU,
_c1998
600 _aComputer System Engineering
650 _aBachelor of Engineering (BE)
999 _c32606
_d32606